000 00484nam a22001817a 4500
003 MPLRDC
005 20220104114226.0
008 210129b ||||| |||| 00| 0 eng d
020 _a7-301-00025-1
082 _a857.49 HLM v.1
100 _a白云外史散花居士撰
245 _a后红楼梦
_c
250 _a一版一刷
260 _a
_b北京大学出版社
_c1988
300 _b
650 _a话本小说及章回--红楼梦研究与评论
942 _cBK
_o857.49 HLM v.1
999 _c5813
_d5803